00483nam a2200157Ia 4500999001700000003000400017005001700021008004100038040001800079082001500097100003900112245006400151260006500215300000900280942003600289 c18192d18192OSt20200606120054.0190216s9999||||xx |||||||||||||| ||und|| cMESKC library a954bCHA/F aChathurvedi, Jagadeesh Prasad9234 0aFiji Mem Pravasi Bharatheey /cJagadeesh Prasad Chathurvedi bBharatheey Samskrithik Sambanth Parishad,aNew Delhi:c1985. a368p cBK2ddch954iPAN/Hk954mPAN/H